000 00486nam a2200193 a 4500
001 9670
003 CO-ViMGA
008 141112s2004 ck r 000 u spa d
020 _a848432124X
040 _aCO-ViMGA
_bspa
_cCO-ViMGA
082 0 4 _a100 M848f
100 1 _aMuguerza, Javier; Cerezo, Pedro
_911235
245 1 0 _aLa filosofía hoy
260 _aBarcelona (E)Crítica 2000
300 _a401.p.
650 1 4 _aFILOSOFIA
650 1 4 _aFILOSOFÍA MODERNA
_911236
942 _2ddc
_cBK
999 _c21133
_d21133